| 000 | 00456nam a2200181Ia 4500 | ||
|---|---|---|---|
| 001 | 22235 | ||
| 005 | 20260414150818.0 | ||
| 008 | 260414t2009||||xx |||||||||||||| ||spa|| | ||
| 041 | _aESP | ||
| 082 |
_a621.2 _bM26 |
||
| 100 |
_aMartínez Sánchez, Victoriano Ángel _eAUT |
||
| 245 | 0 |
_aPotencia hidráulica controlada por PLC _b |
|
| 260 | _c2009 | ||
| 300 |
_a283 páginas : _c23 cm. |
||
| 650 | _aTCA | ||
| 654 | _aCET | ||
| 942 |
_cLIB _dJUS _fJUS _2ddc _n |
||
| 999 |
_c22235 _d22235 |
||